[Event "BLR-ch U20"]
[Site "Minsk"]
[Date "2024.04.18"]
[Round "7"]
[White "Sidorenja, Radion"]
[Black "Krukouski, Serafim"]
[Result "1/2-1/2"]
[WhiteElo "1896"]
[BlackElo "1941"]
[PlyCount "136"]
[EventDate "2024.04.12"]
[EventType "tourn"]
[EventRounds "7"]
[EventCountry "BLR"]
[SourceTitle "CB19_2024"]
[SourceDate "2024.05.08"]
[SourceVersion "1"]
[SourceVersionDate "2024.05.08"]
[SourceQuality "1"]

1. e4 c5 2. c3 Nf6 3. e5 Nd5 4. d4 cxd4 5. cxd4 e6 6. Nc3 d6 7. f4 dxe5 8. fxe5 Bb4 9. Qd3 Bd7 10. Nf3 a6 11. Bd2 Bc6 12. Be2 Be7 13. 0-0 Nb4 14. Qc4 Nd7 15. Rad1 0-0 16. a3 Nd5 17. Qa2 Qb6 18. Bc1 Nxc3 19. bxc3 Bxf3 20. Bxf3 Nxe5 21. Bxb7 Qxb7 22. dxe5 Qc7 23. Qe2 Qxc3 24. Rf3 Qc5+ 25. Kh1 Rac8 26. Rdf1 Qxc1 27. Rxc1 Rxc1+ 28. Rf1 Rfc8 29. h3 Bxa3 30. Rxc1 Rxc1+ 31. Kh2 Bf8 32. Qxa6 Rc5 33. Qa1 g6 34. h4 h5 35. g4 hxg4 36. Kg3 Bg7 37. Kxg4 Rxe5 38. Qa8+ Kh7 39. Qe8 Rf5 40. Qe7 Be5 41. Qf8 Bg7 42. Qe8 Bd4 43. Qd7 Bc5 44. Qb7 Bd4 45. Qb4 Bc5 46. Qb7 Kg7 47. Qb2+ e5 48. Qc3 Be7 49. Kg3 Bf6 50. Qc6 Rh5 51. Qd7 Rxh4 52. Kf3 Rf4+ 53. Ke2 e4 54. Qd5 Rg4 55. Qc5 Rg3 56. Qd5 e3 57. Qd6 Rg4 58. Kxe3 Rd4 59. Qc5 g5 60. Kf3 Rf4+ 61. Kg3 Re4 62. Kf3 Re5 63. Qc2 Be7 64. Qc3 f6 65. Kg4 f5+ 66. Kh5 Bf6 67. Qc7+ Re7 68. Qxe7+ Bxe7 1/2-1/2

[Event "BLR-ch U20"]
[Site "Minsk"]
[Date "2024.04.17"]
[Round "6"]
[White "Gvozdev, Timur"]
[Black "Sidorenja, Radion"]
[Result "1-0"]
[WhiteElo "1940"]
[BlackElo "1896"]
[PlyCount "117"]
[EventDate "2024.04.12"]
[EventType "tourn"]
[EventRounds "7"]
[EventCountry "BLR"]
[SourceTitle "CB19_2024"]
[SourceDate "2024.05.08"]
[SourceVersion "1"]
[SourceVersionDate "2024.05.08"]
[SourceQuality "1"]

1. e4 c5 2. Nf3 Nc6 3. d4 cxd4 4. Nxd4 e5 5. Nb5 d6 6. N1c3 a6 7. Na3 Be7 8. Nd5 Nf6 9. Be3 Nxd5 10. exd5 Nd4 11. c4 Nf5 12. Bd2 0-0 13. Bd3 Bg5 14. 0-0 Re8 15. Re1 Bxd2 16. Qxd2 Nh4 17. Bf1 Qf6 18. b4 Bd7 19. c5 Rac8 20. Rac1 e4 21. Kh1 Bg4 22. Qe3 h5 23. h3 Bd7 24. Nb1 Re5 25. Nd2 Qf5 26. Nc4 Rxd5 27. Nxd6 Rxd6 28. cxd6 Re8 29. Rc5 Qe6 30. Rd1 Nf5 31. Qf4 b5 32. Rdd5 g6 33. Re5 Qxa2 34. Rxe8+ Bxe8 35. Qe5 Bd7 36. Kg1 e3 37. fxe3 Qd2 38. Rc7 f6 39. Qc5 Be6 40. Qc3 Qxd6 41. Rc6 Qd5 42. Rxa6 Qe4 43. Ra7 Bf7 44. Rc7 Ng3 45. Rxf7 Kxf7 46. Qc7+ Qe7 47. Qxg3 Qxb4 48. Qc7+ Kg8 49. Qb8+ Kg7 50. Qxb5 Qe7 51. Qd3 f5 52. Qd4+ Kh7 53. Bc4 Qe8 54. h4 Qe7 55. Kf2 Qb7 56. Qd5 Qb2+ 57. Kf3 Qb8 58. Qf7+ Kh6 59. Qg8 1-0

[Event "BLR-ch U20"]
[Site "Minsk"]
[Date "2024.04.12"]
[Round "1"]
[White "Hryharovich, Aliaksei"]
[Black "Sidorenja, Radion"]
[Result "1-0"]
[WhiteElo "2139"]
[BlackElo "1896"]
[PlyCount "63"]
[EventDate "2024.04.12"]
[EventType "tourn"]
[EventRounds "7"]
[EventCountry "BLR"]
[SourceTitle "CB19_2024"]
[SourceDate "2024.05.08"]
[SourceVersion "1"]
[SourceVersionDate "2024.05.08"]
[SourceQuality "1"]

1. d4 d5 2. c4 e6 3. g3 c6 4. Bg2 dxc4 5. Nf3 b5 6. Ne5 Bb7 7. a4 a6 8. 0-0 Nf6 9. b3 cxb3 10. Qxb3 Qxd4 11. Bb2 Qb6 12. Nd2 Be7 13. Nxf7 Kxf7 14. Nc4 Qc7 15. Ne5+ Ke8 16. Qxe6 Rf8 17. axb5 axb5 18. Rxa8 Bxa8 19. Ba3 Bb7 20. Rd1 Ng8 21. Be4 Rf6 22. Qxg8+ Bf8 23. Bxf8 Rxf8 24. Qe6+ Qe7 25. Bg6+ hxg6 26. Qxg6+ Rf7 27. Nxf7 Qxf7 28. Rd8+ Kxd8 29. Qxf7 Nd7 30. Qxg7 c5 31. h4 c4 32. Qg5+ 1-0

[Event "BLR-ch sf"]
[Site "Minsk"]
[Date "2023.12.14"]
[Round "8"]
[White "Kirko, Ivan"]
[Black "Sidorenja, Radion"]
[Result "0-1"]
[WhiteElo "1344"]
[BlackElo "1650"]
[PlyCount "140"]
[EventDate "2023.12.07"]
[EventType "swiss"]
[EventRounds "9"]
[EventCountry "BLR"]
[SourceTitle "CB51_2023"]
[SourceDate "2023.12.20"]
[SourceVersion "1"]
[SourceVersionDate "2023.12.20"]
[SourceQuality "1"]

1. e4 c5 2. Nf3 Nc6 3. d4 cxd4 4. Nxd4 e5 5. Nb5 d6 6. N1c3 a6 7. Na3 b5 8. Nd5 Nge7 9. Bg5 h6 10. Qh5 Be6 11. c3 Qb8 12. Bxe7 Nxe7 13. Qf3 Nxd5 14. exd5 Bd7 15. Nc2 Be7 16. Bd3 0-0 17. Bf5 Qc8 18. Ne3 g6 19. Bxd7 Qxd7 20. Qg4 Qxg4 21. Nxg4 f5 22. Ne3 Rfc8 23. 0-0 Rc5 24. Rfd1 a5 25. Rac1 Bf6 26. f3 Rac8 27. Kf2 b4 28. c4 f4 29. Ng4 Bg7 30. Ke2 Rxc4 31. Rxc4 Rxc4 32. Nf2 e4 33. Nxe4 Be5 34. b3 Rc7 35. Kd2 Kf7 36. Rc1 Ra7 37. Kd3 Ke7 38. Rc4 Kd7 39. Nf2 g5 40. Ng4 Bc3 41. a4 Bg7 42. Nf2 Be5 43. h4 gxh4 44. Nh3 Ra8 45. Ke2 Rf8 46. Nf2 Rf5 47. Nd3 Ke7 48. Rc7+ Kf6 49. Ra7 Rg5 50. Kf1 h3 51. gxh3 Rg3 52. Ke2 Rxh3 53. Rxa5 Rh2+ 54. Kf1 Rh1+ 55. Ke2 h5 56. Ra8 h4 57. Nxe5 Kxe5 58. Kf2 Rb1 59. Kg2 Rxb3 60. Rb8 h3+ 61. Kxh3 Rxf3+ 62. Kg2 Rb3 63. a5 Ra3 64. Rxb4 Rxa5 65. Kf3 Ra3+ 66. Kg4 Rg3+ 67. Kh4 Rg8 68. Rb7 Kxd5 69. Re7 Kd4 70. Kh3 d5 0-1

[Event "BLR-ch sf"]
[Site "Minsk"]
[Date "2023.12.12"]
[Round "6"]
[White "Sidorenja, Radion"]
[Black "Brutski, Denis"]
[Result "1-0"]
[WhiteElo "1650"]
[BlackElo "1796"]
[PlyCount "83"]
[EventDate "2023.12.07"]
[EventType "swiss"]
[EventRounds "9"]
[EventCountry "BLR"]
[SourceTitle "CB51_2023"]
[SourceDate "2023.12.20"]
[SourceVersion "1"]
[SourceVersionDate "2023.12.20"]
[SourceQuality "1"]

1. d4 f5 2. Bf4 Nf6 3. Nf3 g6 4. e3 Bg7 5. c4 0-0 6. Nc3 d6 7. c5 Ne4 8. Bc4+ e6 9. Qb3 Qe7 10. 0-0 Nc6 11. Nxe4 fxe4 12. Bg5 Qf7 13. d5 Na5 14. dxe6 Bxe6 15. Bxe6 Nxb3 16. Bxf7+ Rxf7 17. axb3 exf3 18. cxd6 fxg2 19. Rfd1 cxd6 20. Rxd6 Bxb2 21. Rad1 Raf8 22. f4 Kg7 23. Kxg2 Ba3 24. Rd7 h6 25. Bh4 Bc5 26. e4 Kg8 27. Rxf7 Rxf7 28. Bg3 Re7 29. Kf3 Kf7 30. h4 Ke6 31. h5 gxh5 32. Rd5 b6 33. Rxh5 Rh7 34. f5+ Kf7 35. e5 Rh8 36. Bh4 Re8 37. Ke4 Bd6 38. e6+ Kg7 39. Bf2 Bf8 40. Rh1 Kf6 41. Bh4+ Kg7 42. f6+ 1-0

[Event "Wch U12"]
[Site "Batumi"]
[Date "2022.09.24"]
[Round "8"]
[White "Huh, Isaak"]
[Black "Sidorenja, Radion"]
[Result "0-1"]
[WhiteElo "1954"]
[BlackElo "1530"]
[PlyCount "50"]
[EventDate "2022.09.16"]
[EventType "swiss"]
[EventRounds "11"]
[EventCountry "GEO"]
[SourceTitle "EXT 2023"]
[Source "ChessBase"]
[SourceDate "2022.10.05"]
[SourceVersion "1"]
[SourceVersionDate "2022.10.05"]
[SourceQuality "1"]

1. e4 c5 2. Nf3 Nc6 3. Bb5 g6 4. 0-0 Bg7 5. Re1 e5 6. Bxc6 dxc6 7. d3 Ne7 8. Be3 b6 9. a3 0-0 10. Nbd2 h6 11. b4 cxb4 12. axb4 Be6 13. Ra3 f5 14. exf5 gxf5 15. Nxe5 f4 16. Nxc6 Nxc6 17. Bxb6 Qxb6 18. Rxe6 Rae8 19. Rg6 Kh7 20. Qg4 Re1+ 21. Nf1 Bd4 22. h4 Ne5 23. Rxb6 Nxg4 24. Rxa7+ Kh8 25. g3 f3 0-1